[Event "Lipetsk Summer op"]
[Site "Lipetsk"]
[Date "2010.07.18"]
[Round "9"]
[White "Dulin, Anatoliy"]
[Black "Lomovskih, Alexey"]
[Result "1/2-1/2"]
[WhiteElo "1947"]
[BlackElo "1913"]
[PlyCount "27"]
[EventDate "2010.07.10"]
[EventType "swiss"]
[EventRounds "9"]
[EventCountry "RUS"]
[SourceTitle "EXT 2022"]
[Source "ChessBase"]
[SourceDate "2021.10.06"]
[SourceVersion "1"]
[SourceVersionDate "2021.10.06"]
[SourceQuality "1"]

1. d4 d5 2. Nf3 Nf6 3. c4 c6 4. Nc3 e6 5. e3 Nbd7 6. Qc2 Be7 7. Bd3 dxc4 8. Bxc4 b5 9. Bd3 Bb7 10. 0-0 a6 11. e4 c5 12. e5 Nd5 13. Nxd5 Bxd5 14. Be4 1/2-1/2

[Event "Lipetsk Summer op"]
[Site "Lipetsk"]
[Date "2010.07.15"]
[Round "6"]
[White "Koshelev, Alexey"]
[Black "Dulin, Anatoliy"]
[Result "1/2-1/2"]
[WhiteElo "1829"]
[BlackElo "1943"]
[PlyCount "46"]
[EventDate "2010.07.10"]
[EventType "swiss"]
[EventRounds "9"]
[EventCountry "RUS"]
[SourceTitle "EXT 2022"]
[Source "ChessBase"]
[SourceDate "2021.10.06"]
[SourceVersion "1"]
[SourceVersionDate "2021.10.06"]
[SourceQuality "1"]

1. d4 d5 2. c4 c6 3. Nf3 Nf6 4. Nc3 e6 5. e3 Nbd7 6. Bd3 dxc4 7. Bxc4 b5 8. Bd3 Bb7 9. 0-0 b4 10. Ne4 c5 11. Nxc5 Nxc5 12. dxc5 Bxc5 13. Bb5+ Ke7 14. Qe2 Qb6 15. b3 Rhd8 16. Bb2 h6 17. Rac1 a6 18. Bd3 Rac8 19. Rfd1 Ne8 20. Ne5 Kf8 21. Qh5 Rc7 22. Bc4 Rxd1+ 23. Rxd1 Nf6 1/2-1/2

[Event "Lipetsk Summer op"]
[Site "Lipetsk"]
[Date "2010.07.13"]
[Round "4"]
[White "Dulin, Anatoliy"]
[Black "Grigorjev, Iljya"]
[Result "1-0"]
[WhiteElo "1943"]
[BlackElo "1842"]
[PlyCount "107"]
[EventDate "2010.07.10"]
[EventType "swiss"]
[EventRounds "9"]
[EventCountry "RUS"]
[SourceTitle "EXT 2022"]
[Source "ChessBase"]
[SourceDate "2021.10.06"]
[SourceVersion "1"]
[SourceVersionDate "2021.10.06"]
[SourceQuality "1"]

1. d4 Nf6 2. c4 g6 3. g3 Bg7 4. Bg2 d5 5. cxd5 Nxd5 6. e4 Nb6 7. Ne2 c5 8. d5 e6 9. Nbc3 exd5 10. exd5 Bf5 11. Be3 N8d7 12. 0-0 a6 13. h3 h5 14. Nf4 Nc4 15. Qe2 Nxe3 16. Qxe3+ Qe7 17. Qd2 0-0-0 18. d6 Qe5 19. Rfe1 Qd4 20. Rad1 Qxd2 21. Rxd2 Rhe8 22. Rxe8 Rxe8 23. Nfd5 Re1+ 24. Kh2 Be5 25. Ne7+ Kb8 26. Nxf5 gxf5 27. Bd5 f6 28. Kg2 f4 29. Bf3 fxg3 30. fxg3 Bxc3 31. bxc3 Rc1 32. Bxh5 Rxc3 33. Bg4 Ne5 34. d7 Nxd7 35. Bxd7 b5 36. h4 Re3 37. h5 Re7 38. Bf5 c4 39. h6 Kc7 40. h7 Re8 41. Be6 Rh8 42. Bg8 c3 43. Rc2 b4 44. a3 a5 45. axb4 axb4 46. Kf3 Kd6 47. Kf4 Kc5 48. Kf5 Kd4 49. Kxf6 Kd3 50. Rh2 c2 51. Rxc2 Kxc2 52. Kg7 b3 53. Bxb3+ Kxb3 54. Kxh8 1-0

[Event "Lipetsk op"]
[Site "Lipetsk"]
[Date "2010.06.27"]
[Round "5"]
[White "Kazantseva, Alla"]
[Black "Dulin, Anatoliy"]
[Result "1/2-1/2"]
[WhiteElo "1924"]
[BlackElo "1953"]
[PlyCount "68"]
[EventDate "2010.06.23"]
[EventType "swiss"]
[EventRounds "9"]
[EventCountry "RUS"]
[SourceTitle "CBM 137 Extra"]
[Source "ChessBase"]
[SourceDate "2010.09.01"]
[SourceVersion "1"]
[SourceVersionDate "2010.09.01"]
[SourceQuality "1"]

1. e4 c5 2. Nf3 e6 3. d4 cxd4 4. Nxd4 Nf6 5. Bd3 Nc6 6. Nf3 Qc7 7. Nc3 a6 8. Bg5 Be7 9. 0-0 0-0 10. Re1 d6 11. a3 b5 12. Ne2 Bb7 13. Ng3 Rfd8 14. Qe2 Ng4 15. Bxe7 Qxe7 16. h3 Nge5 17. Nxe5 Nxe5 18. f4 Nxd3 19. cxd3 Rac8 20. Rac1 Rc5 21. b4 Rc7 22. Qb2 Rdc8 23. Ne2 e5 24. Rxc7 Qxc7 25. Rc1 Qb6+ 26. Kf1 exf4 27. Rxc8+ Bxc8 28. Qc1 Be6 29. Qxf4 h6 30. Qc1 Kh7 31. Qc3 Qe3 32. Qd4 Qd2 33. Qxd6 Qd1+ 34. Kf2 Qb3 1/2-1/2

[Event "Lipetsk Spring"]
[Site "Lipetsk"]
[Date "2010.03.27"]
[Round "6"]
[White "Grachev, Andrey"]
[Black "Dulin, Anatoliy"]
[Result "1/2-1/2"]
[WhiteElo "1803"]
[BlackElo "1953"]
[PlyCount "40"]
[EventDate "2010.03.22"]
[EventType "swiss"]
[EventRounds "9"]
[EventCountry "RUS"]
[SourceTitle "EXT 2022"]
[Source "ChessBase"]
[SourceDate "2021.10.06"]
[SourceVersion "1"]
[SourceVersionDate "2021.10.06"]
[SourceQuality "1"]

1. e4 c6 2. d4 d5 3. e5 Bf5 4. Nf3 e6 5. Bd3 Bxd3 6. Qxd3 Qa5+ 7. Nc3 c5 8. 0-0 Nc6 9. Qb5 Qxb5 10. Nxb5 Rc8 11. dxc5 Bxc5 12. c3 a6 13. Nbd4 Nge7 14. Be3 0-0 15. Nxe6 Bxe3 16. Nxf8 Ba7 17. Nd7 Rd8 18. e6 fxe6 19. Nde5 h6 20. Rfe1 Rd6 1/2-1/2

[Event "Lipetsk-ch"]
[Site "Lipetsk"]
[Date "2009.05.30"]
[Round "5"]
[White "Lomovskih, Alexey"]
[Black "Dulin, Anatoliy"]
[Result "1-0"]
[WhiteElo "1757"]
[BlackElo "1951"]
[PlyCount "37"]
[EventDate "2009.05.22"]
[EventType "swiss"]
[EventRounds "9"]
[EventCountry "RUS"]
[SourceTitle "EXT 2022"]
[Source "ChessBase"]
[SourceDate "2021.10.06"]
[SourceVersion "1"]
[SourceVersionDate "2021.10.06"]
[SourceQuality "1"]

1. e4 c6 2. d4 d5 3. e5 Bf5 4. c4 dxc4 5. Bxc4 e6 6. Nf3 Nd7 7. Nc3 Nb6 8. Bb3 h6 9. 0-0 Bb4 10. Be3 Ne7 11. Nh4 Nbd5 12. Nxd5 exd5 13. Nxf5 Nxf5 14. Bc2 Nxe3 15. fxe3 Qg5 16. Rf3 Qh5 17. Qd3 g6 18. Raf1 Rf8 19. Qb3 1-0

[Event "Lipetsk-ch"]
[Site "Lipetsk"]
[Date "2009.05.23"]
[Round "2"]
[White "Dulin, Anatoliy"]
[Black "Volobuev, Sergey"]
[Result "1-0"]
[WhiteElo "1951"]
[BlackElo "1823"]
[PlyCount "87"]
[EventDate "2009.05.22"]
[EventType "swiss"]
[EventRounds "9"]
[EventCountry "RUS"]
[SourceTitle "EXT 2022"]
[Source "ChessBase"]
[SourceDate "2021.10.06"]
[SourceVersion "1"]
[SourceVersionDate "2021.10.06"]
[SourceQuality "1"]

1. d4 g6 2. e4 Bg7 3. Nf3 c5 4. c3 Nc6 5. dxc5 Qa5 6. Be3 Nf6 7. Bd3 Ng4 8. Qe2 0-0 9. Nbd2 f5 10. Nb3 Qa4 11. exf5 Nxe3 12. Qxe3 gxf5 13. 0-0 e5 14. Bc2 Qg4 15. Qg5 Qxg5 16. Nxg5 Bf6 17. Nf3 e4 18. Nfd4 Be5 19. f3 d5 20. cxd6 e3 21. f4 Nxd4 22. Nxd4 Bxd6 23. Rae1 Re8 24. g3 Bc5 25. Rf3 e2 26. Rf2 Bd7 27. Rfxe2 Kf7 28. Rxe8 Rxe8 29. Rxe8 Kxe8 30. Kf1 Kf7 31. Bxf5 Bxf5 32. Nxf5 Kf6 33. Nd4 a6 34. Ke2 h5 35. h3 b5 36. a3 Ke7 37. Kd3 Kd6 38. g4 hxg4 39. hxg4 Kd5 40. g5 Bd6 41. Ke3 Kc4 42. Ke4 a5 43. g6 Bf8 44. Ne6 1-0

[Event "Lipetsk-ch"]
[Site "Lipetsk"]
[Date "2009.05.22"]
[Round "1"]
[White "Kurbatov, Andrei"]
[Black "Dulin, Anatoliy"]
[Result "1-0"]
[WhiteElo "2149"]
[BlackElo "1951"]
[PlyCount "87"]
[EventDate "2009.05.22"]
[EventType "swiss"]
[EventRounds "9"]
[EventCountry "RUS"]
[SourceTitle "EXT 2022"]
[Source "ChessBase"]
[SourceDate "2021.10.06"]
[SourceVersion "1"]
[SourceVersionDate "2021.10.06"]
[SourceQuality "1"]

1. d4 d5 2. c4 c6 3. Nf3 Nf6 4. Nc3 e6 5. e3 Bd6 6. Bd3 dxc4 7. Bxc4 Nbd7 8. 0-0 b5 9. Bd3 b4 10. Ne4 Nxe4 11. Bxe4 Bb7 12. Qa4 Qb6 13. Bd2 0-0 14. Rfc1 Rfc8 15. Rc2 Rc7 16. Rac1 Rac8 17. Ne5 Nxe5 18. dxe5 Bf8 19. Rc4 c5 20. Bxb7 Qxb7 21. Qc2 a5 22. e4 Qb5 23. b3 Be7 24. Be3 h6 25. f4 Qd7 26. Rd1 Qe8 27. f5 Qf8 28. Rf1 Qe8 29. Qf2 Bf8 30. g4 Rc6 31. Qg3 Be7 32. f6 Bf8 33. g5 Kh7 34. fxg7 Bxg7 35. gxh6 Bh8 36. Qf4 R6c7 37. Kh1 Qe7 38. Rg1 Rg8 39. Rxg8 Kxg8 40. h7+ Kxh7 41. Qh6+ Kg8 42. Rc1 Bg7 43. Rg1 Qf8 44. Qh4 1-0

[Event "Lipetsk Region-ch Seniors"]
[Site "Lipetsk"]
[Date "2009.03.24"]
[Round "8"]
[White "Filin, Alexander"]
[Black "Dulin, Anatoliy"]
[Result "1/2-1/2"]
[WhiteElo "2151"]
[BlackElo "1951"]
[PlyCount "28"]
[EventDate "2009.03.08"]
[EventType "swiss"]
[EventRounds "9"]
[EventCountry "RUS"]
[SourceTitle "EXT 2022"]
[Source "ChessBase"]
[SourceDate "2021.10.06"]
[SourceVersion "1"]
[SourceVersionDate "2021.10.06"]
[SourceQuality "1"]

1. d4 d5 2. c4 e6 3. Nc3 Nf6 4. Bg5 Nbd7 5. cxd5 exd5 6. e3 c6 7. Bd3 Be7 8. Nf3 0-0 9. 0-0 Re8 10. Qc2 Nf8 11. a3 Ne4 12. Bxe7 Qxe7 13. b4 Nxc3 14. Qxc3 a6 1/2-1/2

[Event "Lipetsk Region-ch Seniors"]
[Site "Lipetsk"]
[Date "2009.03.17"]
[Round "5"]
[White "Dulin, Anatoliy"]
[Black "Kasantsev, Anatolij B"]
[Result "0-1"]
[WhiteElo "1951"]
[BlackElo "2105"]
[PlyCount "62"]
[EventDate "2009.03.08"]
[EventType "swiss"]
[EventRounds "9"]
[EventCountry "RUS"]
[SourceTitle "EXT 2022"]
[Source "ChessBase"]
[SourceDate "2021.10.06"]
[SourceVersion "1"]
[SourceVersionDate "2021.10.06"]
[SourceQuality "1"]

1. d4 Nf6 2. c4 g6 3. Nc3 d5 4. cxd5 Nxd5 5. e4 Nxc3 6. bxc3 Bg7 7. Bc4 c5 8. Ne2 Nc6 9. Be3 0-0 10. 0-0 Qc7 11. Rc1 Rd8 12. h3 b6 13. f4 e6 14. Qe1 Na5 15. Bd3 Bb7 16. Qf2 f5 17. Ng3 Qd7 18. e5 Rac8 19. Rfd1 cxd4 20. cxd4 Bf8 21. Qb2 Qd5 22. Bf1 Be7 23. Rxc8 Rxc8 24. Rc1 Nc4 25. Bxc4 Rxc4 26. Rxc4 Qxc4 27. Ne2 Qd3 28. Qd2 Qb1+ 29. Nc1 Bb4 30. Qd3 Qb2 31. Qb5 Qxg2# 0-1

[Event "Lipetsk Region-ch op"]
[Site "Lipetsk"]
[Date "2008.10.22"]
[Round "5"]
[White "Dulin, Anatoliy"]
[Black "Shevelev, Vitaly"]
[Result "1-0"]
[WhiteElo "1961"]
[BlackElo "1797"]
[PlyCount "125"]
[EventDate "2008.10.18"]
[EventType "swiss"]
[EventRounds "9"]
[EventCountry "RUS"]
[SourceTitle "EXT 2022"]
[Source "ChessBase"]
[SourceDate "2021.10.06"]
[SourceVersion "1"]
[SourceVersionDate "2021.10.06"]
[SourceQuality "1"]

1. d4 Nf6 2. c4 e6 3. Nc3 Be7 4. e4 d6 5. Nf3 h6 6. h3 Nbd7 7. Be3 c5 8. Be2 Qa5 9. 0-0 a6 10. e5 Nh7 11. exd6 Bxd6 12. Ne4 Be7 13. dxc5 0-0 14. a3 Ndf6 15. b4 Qc7 16. Qc2 Nxe4 17. Qxe4 Nf6 18. Qc2 Bd7 19. Nd4 Rfd8 20. Bf3 Bf8 21. Rfd1 e5 22. Nb3 Ba4 23. Qc3 e4 24. Be2 Nd7 25. Rd2 Ne5 26. Rad1 Be7 27. Rxd8+ Rxd8 28. Rxd8+ Bxd8 29. Nd4 Bd7 30. b5 Bf6 31. Qc2 Nd3 32. Bxd3 exd3 33. Qxd3 Qxc5 34. Ne6 Qc8 35. Nc5 Bf5 36. Qd6 axb5 37. cxb5 Bb2 38. a4 f6 39. Qd5+ Kh8 40. Qxb7 Qd8 41. Qf3 Be5 42. g3 Bxh3 43. g4 Bxg4 44. Qxg4 Qa5 45. Ne6 Qe1+ 46. Kg2 g5 47. Qf5 Qb4 48. Qf3 Qh4 49. Qa8+ Kh7 50. Qb7+ Kg6 51. Nf8+ Kf5 52. Qh7+ Kg4 53. Qe4+ Bf4 54. Qf3+ Kf5 55. Bxf4 gxf4 56. Qh3+ Qg4+ 57. Qxg4+ Kxg4 58. b6 h5 59. b7 h4 60. b8Q h3+ 61. Kh2 Kf3 62. Ng6 Kxf2 63. Qxf4+ 1-0